| 000 | 00693nam a22002177a 4500 | ||
|---|---|---|---|
| 005 | 20250910073349.0 | ||
| 008 | 250910b |||||||| |||| 00| 0 eng d | ||
| 020 | _a9788198823861 | ||
| 040 |
_aIN-DiNC _cIN-DiNC |
||
| 041 | _dasm | ||
| 082 |
_a370.54 _bCHA |
||
| 100 |
_aChaliha, Beda Kumar _eauthor |
||
| 245 |
_aPrak swadhinatakalin Bharatar shikshar bikash (Major9)/ _cby Beda Kumar Chaliha, Tarun Saikia and Runu Bora Saikia |
||
| 250 | _a1st ed. | ||
| 260 |
_aJorhat: _bBidya bhawan, _c2025. |
||
| 300 | _a280p. | ||
| 650 | _aDevelopment of education in pre-independent India (Major9) | ||
| 700 |
_aSaikia, Tarun _eauthor |
||
| 700 |
_aSaikia, Runu Bora _eauthor |
||
| 942 |
_2ddc _cBK |
||
| 999 |
_c12252 _d12252 |
||